Nommez ces pilotes automobiles - Statistiques

Statistiques générales
  • Ce quiz a été pris 596 fois
  • Le résultat moyen est 9 sur 16
Statistiques - réponses
Par images Réponse % Correct
Fernando Alonso
94%
Lewis Hamilton
91%
Alain Prost
86%
Sebastian Vettel
85%
Ayton Senna
82%
Michael Schumacher
80%
Sébastien Loeb
79%
Niki Lauda
77%
Kimi Raikkonen
70%
Juan Manuel Fangio
60%
Graham Hill
34%
Bernie Ecclestone
33%
Jacky Ickx
21%
Mario Andretti
20%
Alessandro Zanardi
7%
Louis Chevrolet
2%
Aucun quiz correspondant
Distribution des résultats
% des personnes avec chaque résultat
Percentile par nombre de réponses
Votre historique - résultats
Vous n’avez pas pris ce quiz